Spracovanie odtajnených dokumentov Williama F. Friedmana
Saved in:
| Main Author: | |
|---|---|
| Other Authors: | |
| Format: | Manuscript Book |
| Language: | Slovak |
| Published: |
2019
|
| Subjects: | |
| Online Access: | http://is.stuba.sk/zp/portal_zp.pl?podrobnosti=135289 |
| Tags: |
No Tags, Be the first to tag this record!
|
MARC
| LEADER | 00000ntm a22000003a 4500 | ||
|---|---|---|---|
| 001 | stuzp71562 | ||
| 003 | SK-STU | ||
| 005 | 20190924122620.9 | ||
| 007 | ta | ||
| 008 | 150427s2015----xo-----f-mn---000-0-slo-d | ||
| 040 | |a STU |b slo | ||
| 041 | 0 | |a slo | |
| 044 | |a xo | ||
| 100 | 1 | |a Hulinová, Patrícia |u 035000 |4 aut |U FEI Fakulta elektrotechniky a informatiky |T FEI Ústav informatiky a matematiky |X 86310 |U E050 |Y 816 |7 86310 | |
| 242 | 0 | 1 | |a Analysis of declassified documents of W. Friedman |y eng |
| 245 | 1 | 0 | |a Spracovanie odtajnených dokumentov Williama F. Friedmana |
| 260 | |c 2019 | ||
| 300 | |a 56 s., |b CD-ROM | ||
| 650 | 4 | |a odtajnené dokumenty |2 slo | |
| 650 | 4 | |a William Friedman |2 slo | |
| 650 | 4 | |a spracovanie |2 slo | |
| 650 | 4 | |a Analysis |2 eng | |
| 650 | 4 | |a declassified documents |2 eng | |
| 650 | 4 | |a William Friedman |2 eng | |
| 700 | 1 | |a Antal, Eugen |u 035000 |k Z1 |4 ths |U FEI Fakulta elektrotechniky a informatiky |T FEI Ústav informatiky a matematiky |X 36087 |U E050 |Y 816 |7 A000036087 | |
| 856 | 4 | |u http://is.stuba.sk/zp/portal_zp.pl?podrobnosti=135289 | |
| 996 | |b 284ER03091 |c E*Bc- 3091 |l EE35 |s P |a 0 |w stuzp71562_0001 | ||